Word Ladder: 88th Academy Awards Quiz Stats

Quiz Updated Feb 28, 2016

Challenge
Share
Tweet
Embed
Score 0/26 Timer 03:00
0 Plays Today
Clue 4-Letter Word % Correct
★Best Actor nominee ____ Damon: 'The Martian'★★MATT★
97.6%
★Supporting Actress nominee ____ Winslet: 'Steve Jobs'★★KATE★
97.4%
★5 nods: 'Star ____: Episode VII - The Force Awakens'★★WARS★
97.2%
★Best Actress nominee ____ Blanchett: 'Carol'★★CATE★
96.7%
FelinesCATS
96.4%
★Supporting Actor nominee Christian ____: 'The Big Short'★★BALE★
95.4%
79th Academy Awards Best Animated Film nomineeCARS
92.4%
Liver secretionBILE
92%
★10 nods: 'Mad Max: Fury ____'★★ROAD★
91%
Connection between 2 pointsLINE
90.9%
Element with symbol 'Pb'LEAD
90.6%
Temporarily give moneyLEND
90.5%
Interpret printed textREAD
89.5%
Clue 4-Letter Word % Correct
★Supporting Actor nominee ____ Ruffalo: 'Spotlight'★★MARK★
89.5%
Detective Vitale in 'The Brave One': Nicky ____KATT
89.4%
Folder for papersFILE
89.1%
Item for saleWARE
87.7%
Country roadLANE
86.2%
World War I spy: ____ HariMATA
85.9%
Mark left by a whipWALE
85%
Italian money before eurosLIRE
82.4%
★Documentary nominee: 'Cartel ____'★★LAND★
82.1%
★Supporting Actress nominee Rooney ____: 'Carol'★★MARA★
82.1%
★Doc. nom.: 'Winter on ____: Ukraine's Fight for Freedom'★★FIRE★
79%
CrucifixROOD
62.4%
★Best Actress nominee Brie Larson: '____'★★ROOM★
55.5%

Today's Daily Dose

You're not logged in!

Compare scores with friends on all Sporcle quizzes.
Sign Up with Email
OR
Log In

You Might Also Like...

Show Comments

Extras

Top Quizzes Today


Score Distribution

Your Account Isn't Verified!

In order to create a playlist on Sporcle, you need to verify the email address you used during registration. Go to your Sporcle Settings to finish the process.